Southville International School and Colleges
Your cart is empty.
  • Cart
  • Lists
    Public lists Eva Luna New books Lux_list list_1
    Your lists Log in to create your own lists
  • Log in to your account
  • Your cookies
  • Search history
Southville International School and Colleges
  • Advanced search
  • Recent comments
  • Most popular
  • Libraries

Log in to your account

Log in with GOOGLE


If you do not have an external account, but do have a local account, you can still log in:

  1. Home
  2. MARC view: Transdisciplinary public health
Normal view MARC view ISBD view

Transdisciplinary public health (Record no. 283627)

[ view plain ]
MARC details
000 -LEADER
fixed length control field 03196cam a2200457 a 4500
001 - CONTROL NUMBER
control field 17542097
003 - CONTROL NUMBER IDENTIFIER
control field PILC
005 - DATE AND TIME OF LATEST TRANSACTION
control field 20150226142358.0
006 - FIXED-LENGTH DATA ELEMENTS--ADDITIONAL MATERIAL CHARACTERISTICS--GENERAL INFORMATION
fixed length control field m |o d |
007 - PHYSICAL DESCRIPTION FIXED FIELD--GENERAL INFORMATION
fixed length control field cr_|||||||||||
008 - FIXED-LENGTH DATA ELEMENTS--GENERAL INFORMATION
fixed length control field 121128s2013 cau ob 001 0 eng
010 ## - LIBRARY OF CONGRESS CONTROL NUMBER
LC control number 2012047710
020 ## - INTERNATIONAL STANDARD BOOK NUMBER
International Standard Book Number 9781118415344 (epub)
020 ## - INTERNATIONAL STANDARD BOOK NUMBER
International Standard Book Number 9781118418024 (pdf)
020 ## - INTERNATIONAL STANDARD BOOK NUMBER
International Standard Book Number 9781118552957 ( mobipocket)
020 ## - INTERNATIONAL STANDARD BOOK NUMBER
Cancelled/invalid ISBN 9780470621998 (pbk.)
035 ## - SYSTEM CONTROL NUMBER
System control number (DLC)17542097
035 ## - SYSTEM CONTROL NUMBER
System control number (DLC)2012047710
040 ## - CATALOGING SOURCE
Original cataloging agency DLC
Language of cataloging eng
Transcribing agency DLC
Modifying agency DLC
042 ## - AUTHENTICATION CODE
Authentication code pcc
050 00 - LIBRARY OF CONGRESS CALL NUMBER
Classification number RA 425
Item number .T772 2013
060 10 - NATIONAL LIBRARY OF MEDICINE CALL NUMBER
Classification number WA 100
082 00 - DEWEY DECIMAL CLASSIFICATION NUMBER
Classification number 362.1
245 00 - TITLE STATEMENT
Title Transdisciplinary public health
Medium [electronic resource] :
Remainder of title research, education, and practice /
Statement of responsibility, etc [edited by] Debra Haire-Joshu and Timothy D. McBride.
250 ## - EDITION STATEMENT
Edition statement 1st ed.
260 ## - PUBLICATION, DISTRIBUTION, ETC. (IMPRINT)
Place of publication, distribution, etc San Francisco, CA :
Name of publisher, distributor, etc Jossey-Bass,
Date of publication, distribution, etc c2013.
300 ## - PHYSICAL DESCRIPTION
Extent 392 pages :
Other physical details illustrations ;
Dimensions 24 cm.
504 ## - BIBLIOGRAPHY, ETC. NOTE
Bibliography, etc Includes bibliographical references and index.
505 0# - FORMATTED CONTENTS NOTE
Formatted contents note Transdisciplinary public health : definitions, core characteristics, and strategies for success / Daniel Stokols, Kara L. Hall, Amanda L. Vogel -- Transdisciplinary training and TRECs / Sarah Gehlert, Teri Browne -- Competencies in transdisciplinary public health / Lauren D. Arnold ... [et al.] -- Measuring success : an evaluation framework for transdisciplinary public health / Douglas A. Luke, Sarah Moreland-Russell, Stephanie Herbers -- Sorting out the socioeconomic determinants of poverty and health / Timothy D. McBride ... [et al.] -- Transdisciplinary public policy : the roles of law & public health in creating public policy / Sidney D. Watson -- Sociocultural perspectives applied to transdisciplinary public health / Bradley P. Stoner -- Evidence-based transdisciplinary problem-solving to improve the health of the public / Ross C. Brownson -- Transdisciplinary methods in the prevention and control of maternal-child obesity / Debra Haire-Joshu -- Transdisciplinary approaches to violence and injury prevention and treatment among children and youth / Melissa Jonson-Reid ... [et al.] -- Instruction and application in transdisciplinary problem solving : linking public health and social service systems to address health disparities / Matthew W. Kreuter, Debbie Pfeiffer -- Transdisciplinary problem solving : global hunger and undernutrition / Lora Iannotti -- Implementing public health interventions in developing countries : a transdisciplinary solution for safe drinking water in rural India / Ramesh Raghavan, Ravikumar Chockalingam, Zeena Johar -- Indoor air pollution and respiratory health : a transdisciplinary vision / Gautam Yadama ... [et al.].
650 12 - SUBJECT ADDED ENTRY--TOPICAL TERM
Topical term or geographic name as entry element Public Health.
650 22 - SUBJECT ADDED ENTRY--TOPICAL TERM
Topical term or geographic name as entry element Evidence-Based Practice.
650 22 - SUBJECT ADDED ENTRY--TOPICAL TERM
Topical term or geographic name as entry element Interdisciplinary Communication.
650 22 - SUBJECT ADDED ENTRY--TOPICAL TERM
Topical term or geographic name as entry element Public Policy.
650 22 - SUBJECT ADDED ENTRY--TOPICAL TERM
Topical term or geographic name as entry element Socioeconomic Factors.
700 1# - ADDED ENTRY--PERSONAL NAME
Personal name Haire-Joshu, Debra.
700 1# - ADDED ENTRY--PERSONAL NAME
Personal name McBride, Timothy D.
776 08 - ADDITIONAL PHYSICAL FORM ENTRY
Display text Print version:
Title Transdisciplinary public health
Edition 1st ed.
Place, publisher, and date of publication San Francisco : Jossey-Bass, c2013
International Standard Book Number 9780470621998
Record control number (DLC) 2012046802
906 ## - LOCAL DATA ELEMENT F, LDF (RLIN)
a 7
b cbc
c origcop
d 1
e ecip
f 20
g y-gencatlg
942 ## - ADDED ENTRY ELEMENTS (KOHA)
Source of classification or shelving scheme Library of Congress Classification
Koha item type Books
Holdings
Withdrawn status Lost status Source of classification or shelving scheme Damaged status Home library Current library Shelving location Date acquired Source of acquisition Sub Shelving location Total Checkouts Full call number Barcode Date last seen Date checked out Price effective from Koha item type
    Library of Congress Classification   College Library College Library Reserve Section 02/26/2015 Library Fund   1 RA 425 .T772 2013 C19123 05/15/2018 04/04/2018 02/26/2015 Books

Transdisciplinary public health

APA

Haire-Joshu D., McBride T. D., . (2013). Transdisciplinary public health. San Francisco, CA: Jossey-Bass.

Chicago

Haire-Joshu Debra, McBride Timothy D, . 2013. Transdisciplinary public health. San Francisco, CA: Jossey-Bass.

Harvard

Haire-Joshu D., McBride T. D., . (2013). Transdisciplinary public health. San Francisco, CA: Jossey-Bass.

MLA

Haire-Joshu Debra, McBride Timothy D, . Transdisciplinary public health. San Francisco, CA: Jossey-Bass. 2013.

  • Place hold
  • Print
  • Cite
  • Add to your cart (remove)
  • Save record
    BIBTEX Dublin Core MARCXML MARC (non-Unicode/MARC-8) MARC (Unicode/UTF-8) MARC (Unicode/UTF-8, Standard) MODS (XML) RIS
  • More searches
    Search for this title in:
    Other Libraries (WorldCat) Other Databases (Google Scholar) Online Stores (Bookfinder.com) Open Library (openlibrary.org)

Exporting to Dublin Core...

SOUTHVILLE LIBRARY

Southville International School and Colleges Library

1281 Tropical Ave. Cor. Luxembourg St., BF Homes International, Las Pinas City

Tel. No. 8256374 / 252358 Loc. 117/146

Powered by Koha